[Event "Bad Woerishofen op"]
[Site "?"]
[Date "2000.??.??"]
[Round "3"]
[White "Paehtz, Thomas"]
[Black "Wiesend, Bruno"]
[Result "1-0"]
[WhiteElo "2423"]
[BlackElo "2177"]
[PlyCount "133"]
[EventDate "2000.??.??"]

1. e4 e5 2. Nf3 Nf6 3. Nc3 Nc6 4. Bb5 Bb4 5. O-O O-O 6. d3 d6 7. Bg5 Bxc3 8.
bxc3 Qe7 9. Re1 Nd8 10. d4 Ne6 11. Bc1 c5 12. Bf1 Rd8 13. d5 Nf8 14. g3 Ng6 15.
c4 Rb8 16. a4 b6 17. h4 Bg4 18. Qd3 h6 19. Nh2 Bd7 20. Qd1 Re8 21. Bd3 Qd8 22.
Nf1 Qc7 23. Ne3 Ne7 24. Kh2 a6 25. Qe2 Rbc8 26. Bd2 b5 27. axb5 axb5 28. Ba5
Qb7 29. cxb5 Ra8 30. c4 Ra7 31. Bc3 Rea8 32. Rxa7 Rxa7 33. Ra1 Rxa1 34. Bxa1
Bc8 35. Bc3 Qd7 36. Kg1 Qa7 37. Qd1 Nd7 38. Qa1 Qxa1+ 39. Bxa1 Nb6 40. Bc3 Bd7
41. Ba5 Nec8 42. f4 f6 43. Kh2 Kf7 44. Bf1 g6 45. Bh3 Bxh3 46. Kxh3 h5 47. Kg2
Ke7 48. Kf3 Kf7 49. Ke2 Ke7 50. Kd3 Kf7 51. Be1 Kg7 52. Kc3 Kf7 53. f5 Ne7 54.
Kd3 g5 55. g4 gxh4 56. Bxh4 hxg4 57. Nxg4 Ng8 58. Kc3 Kg7 59. Kb3 Kf7 60. Be1
Ne7 61. Nf2 Kg7 62. Bd2 Kf7 63. Nd3 Nec8 64. Nb2 Kg7 65. Na4 Nd7 66. Kc3 Kf7
67. Kd3 1-0

[Event "Bad Woerishofen op"]
[Site "?"]
[Date "2000.??.??"]
[Round "5"]
[White "Paehtz, Thomas"]
[Black "Schneider, Richard"]
[Result "1-0"]
[WhiteElo "2423"]
[BlackElo "2201"]
[PlyCount "89"]
[EventDate "2000.??.??"]

1. e4 c5 2. Nf3 Nc6 3. d4 cxd4 4. Nxd4 g6 5. c4 Nf6 6. Nc3 d6 7. Be2 Nxd4 8.
Qxd4 Bg7 9. Be3 O-O 10. Qd2 Be6 11. f3 Qa5 12. Rc1 a6 13. Nd5 Qxa2 14. Nxe7+
Kh8 15. O-O Ng8 16. Nd5 Bxd5 17. cxd5 Qxb2 18. Qxb2 Bxb2 19. Rb1 Bg7 20. Rxb7
a5 21. Bc4 a4 22. Ba2 a3 23. Rc1 Rfc8 24. Rc6 f5 25. exf5 gxf5 26. Kf1 Be5 27.
Ke2 Rab8 28. Rxb8 Rxb8 29. Bc1 Nf6 30. Kd3 Kg7 31. Ra6 Bxh2 32. Bxa3 Ne8 33.
Ra4 Be5 34. f4 Bb2 35. Bb4 Rb6 36. Kc4 Nf6 37. Bb1 Nh5 38. Ra7+ Kf6 39. Bd2 Ng7
40. Rd7 Ba1 41. Bb4 Ne8 42. Rxh7 Ng7 43. g3 Kg6 44. Rh8 Nh5 45. Bxf5+ 1-0

[Event "Bad Woerishofen op"]
[Site "?"]
[Date "2000.??.??"]
[Round "7"]
[White "Paehtz, Thomas"]
[Black "Miezis, Normunds"]
[Result "1-0"]
[WhiteElo "2423"]
[BlackElo "2486"]
[PlyCount "87"]
[EventDate "2000.??.??"]

1. e4 c5 2. Nf3 e6 3. d4 cxd4 4. Nxd4 a6 5. Bd3 Nc6 6. Nxc6 dxc6 7. Nd2 e5 8.
Nc4 Be6 9. Be3 Nf6 10. Bb6 Qb8 11. Qf3 Nd7 12. a4 f6 13. a5 Be7 14. Qh5+ g6 15.
Qh6 Kf7 16. f4 exf4 17. Bd4 Ne5 18. Bxe5 fxe5 19. g3 fxg3 20. hxg3 Kg8 21. Nb6
Qf8 22. Nxa8 Qf3 23. Rf1 Qxg3+ 24. Kd1 Qg4+ 25. Be2 Qxe4 26. Ra3 Bxa3 27. bxa3
Qd4+ 28. Bd3 Qd8 29. Nb6 e4 30. Nd7 Bxd7 31. Rf8+ Qxf8 32. Bc4+ Qf7 33. Bxf7+
Kxf7 34. Qf4+ Bf5 35. Qc7+ Kf6 36. Qxb7 Rd8+ 37. Ke2 Rd6 38. Qxa6 Ke5 39. Qb6
Be6 40. Ke3 Rd1 41. a6 Rf1 42. Qd4+ Kf5 43. Qxe4+ Kf6 44. Qd4+ 1-0

[Event "Bad Woerishofen op"]
[Site "?"]
[Date "2000.??.??"]
[Round "9"]
[White "Paehtz, Thomas"]
[Black "Epishin, Vladimir"]
[Result "1/2-1/2"]
[WhiteElo "2423"]
[BlackElo "2667"]
[PlyCount "100"]
[EventDate "2000.??.??"]

1. e4 c5 2. Nf3 d6 3. d4 cxd4 4. Nxd4 Nf6 5. Nc3 a6 6. f3 e5 7. Nb3 Nbd7 8. Be3
Nb6 9. g4 Be6 10. g5 Nh5 11. Qd2 Rc8 12. O-O-O Be7 13. Rg1 O-O 14. Kb1 Qc7 15.
Qf2 Nc4 16. Bxc4 Qxc4 17. Nd2 Qc7 18. Qh4 g6 19. Nf1 Qd8 20. Nd5 Bxd5 21. Rxd5
h6 22. Rd2 Rc4 23. Qg4 Kh7 24. gxh6 Nf6 25. Qg2 d5 26. exd5 Nxd5 27. f4 Nxe3
28. Nxe3 Rd4 29. f5 Rg8 30. Rxd4 Qxd4 31. Nd5 Bd8 32. Nc3 Qd7 33. Rd1 Qxf5 34.
Qxb7 Kxh6 35. Qxa6 Kg7 36. Rf1 Qd7 37. Rd1 Qf5 38. a4 Rh8 39. Qe2 Ba5 40. Ne4
Rh4 41. Nd6 Qe6 42. Qb5 Bb4 43. Ne8+ Kh6 44. Nc7 Qg4 45. Rf1 Qe4 46. Nd5 Bf8
47. Rxf7 Bg7 48. Qb3 Qh1+ 49. Ka2 Rxa4+ 50. Qxa4 Qxd5+ 1/2-1/2

[Event "Bad Woerishofen op"]
[Site "Bad Woerishofen"]
[Date "2000.??.??"]
[Round "1"]
[White "Pelletier, Yannick"]
[Black "Reichenbacher, Gerhard"]
[Result "1-0"]
[WhiteElo "2478"]
[BlackElo "2054"]
[PlyCount "53"]
[EventDate "1998.03.05"]
[Source "ChessBase"]
[SourceDate "1998.04.29"]

1. Nf3 Nf6 2. d4 g6 3. c4 Bg7 4. Nc3 O-O 5. e4 d6 6. Be2 e5 7. O-O exd4 8. Nxd4
Re8 9. f3 Nh5 10. Be3 Nc6 11. Qd2 Nf4 12. Rfd1 Nxd4 13. Bxd4 Qg5 14. Bf1 Bxd4+
15. Qxd4 Bh3 16. Qd2 Be6 17. Kh1 Qe5 18. Rac1 a6 19. a4 g5 20. Nd5 Bxd5 21.
cxd5 Rac8 22. g3 Nh5 23. Bh3 Rb8 24. Rxc7 b5 25. a5 Nf6 26. Bf5 h6 27. f4 1-0

[Event "Bad Woerishofen op"]
[Site "?"]
[Date "2000.??.??"]
[Round "3"]
[White "Pelletier, Yannick"]
[Black "Lieb, Harald"]
[Result "1-0"]
[WhiteElo "2478"]
[BlackElo "2252"]
[PlyCount "65"]
[EventDate "2000.??.??"]

1. Nf3 Nf6 2. c4 c6 3. Nc3 d5 4. e3 e6 5. b3 Nbd7 6. Bb2 Bd6 7. Be2 O-O 8. O-O
e5 9. cxd5 Nxd5 10. Ne4 Bc7 11. Ba3 Re8 12. Qc2 N7f6 13. Ng3 a5 14. Rac1 Nb4
15. Qb1 Bg4 16. d3 Bxf3 17. gxf3 Nfd5 18. Bb2 Re6 19. Kh1 Qh4 20. Rg1 Rh6 21.
Rg2 Ne7 22. Rc4 Qh3 23. Rg4 Rg6 24. d4 Rxg4 25. fxg4 exd4 26. Bxd4 Nbd5 27. Nh5
Ng6 28. f4 Qh4 29. Nxg7 Nxe3 30. Nf5 Nxf5 31. gxf5 Qxf4 32. fxg6 hxg6 33. Rxg6+
1-0

[Event "Bad Woerishofen op"]
[Site "?"]
[Date "2000.??.??"]
[Round "5"]
[White "Pelletier, Yannick"]
[Black "Gyimesi, Zoltan"]
[Result "1/2-1/2"]
[WhiteElo "2478"]
[BlackElo "2518"]
[PlyCount "37"]
[EventDate "2000.??.??"]

1. c4 e5 2. Nc3 Bb4 3. Nd5 a5 4. Qb3 Nc6 5. e3 Nf6 6. Bd3 O-O 7. Ne2 Nxd5 8.
cxd5 Ne7 9. a3 Bd6 10. Nc3 c6 11. a4 Bb4 12. O-O d6 13. Bc4 Bxc3 14. bxc3 cxd5
15. Bxd5 Nxd5 16. Qxd5 Qc7 17. Ba3 Rd8 18. Rfb1 Rb8 19. Qb3 1/2-1/2

[Event "Bad Woerishofen op"]
[Site "?"]
[Date "2000.??.??"]
[Round "6"]
[White "Pelletier, Yannick"]
[Black "Kalinitschew, Sergey"]
[Result "1/2-1/2"]
[WhiteElo "2478"]
[BlackElo "2504"]
[PlyCount "115"]
[EventDate "2000.??.??"]

1. d4 f5 2. g3 Nf6 3. Bg2 g6 4. b3 Bg7 5. Bb2 O-O 6. Nf3 d6 7. O-O Qe8 8. c4
Nc6 9. d5 Nd8 10. Nc3 e5 11. dxe6 Nxe6 12. e3 g5 13. Re1 Qg6 14. Qc2 Bd7 15.
Rad1 Rae8 16. Nd5 Ne4 17. Nd4 c6 18. Nxe6 Rxe6 19. Nc3 Nxc3 20. Bxc3 f4 21.
Qxg6 hxg6 22. Bxg7 Kxg7 23. Bh3 fxe3 24. f3 e2 25. Rd3 Re7 26. Bxd7 Rxd7 27.
Rxe2 Rfd8 28. Kg2 Kf6 29. Kh3 d5 30. cxd5 Rxd5 31. Rde3 R5d6 32. Re7 R8d7 33.
R2e6+ Kf5 34. Re5+ Kf6 35. R5e6+ Kf5 36. Rxd6 Rxe7 37. g4+ Kf4 38. Rf6+ Ke3 39.
Rxg6 Re5 40. Kg3 c5 41. a4 Kd3 42. Rg7 b6 43. Rxa7 Kc3 44. Rb7 Kxb3 45. a5 c4
46. Rxb6+ Ka4 47. a6 c3 48. Rc6 Kb3 49. h4 c2 50. hxg5 Rxg5 51. f4 Ra5 52. g5
Rxa6 53. Rxc2 Kxc2 54. f5 Ra3+ 55. Kf4 Ra4+ 56. Kf3 Ra3+ 57. Kg4 Ra4+ 58. Kf3
1/2-1/2

[Event "Bad Woerishofen op"]
[Site "?"]
[Date "2000.??.??"]
[Round "8"]
[White "Pelletier, Yannick"]
[Black "Nevednichy, Vladislav"]
[Result "0-1"]
[WhiteElo "2478"]
[BlackElo "2589"]
[PlyCount "98"]
[EventDate "2000.??.??"]

1. d4 Nf6 2. c4 g6 3. Nc3 Bg7 4. e4 d6 5. Nf3 O-O 6. Be2 e5 7. O-O Nc6 8. d5
Ne7 9. b4 Nh5 10. Re1 c6 11. Qb3 cxd5 12. cxd5 Nf4 13. Bf1 Bg4 14. Nd2 h5 15.
Nc4 Nc8 16. h3 Bd7 17. Bxf4 exf4 18. e5 dxe5 19. Nxe5 Nd6 20. Rad1 Bxh3 21.
Nxg6 fxg6 22. gxh3 Qg5+ 23. Kh1 Qf5 24. Nb5 Ne4 25. Qf3 Rae8 26. d6 Nd2 27. Qd3
Rxe1 28. Rxe1 Nxf1 29. Qxf5 Rxf5 30. d7 Bf6 31. Nc7 Nd2 32. Re8+ Kh7 33. d8=Q
Bxd8 34. Rxd8 Ne4 35. Rd4 Re5 36. Kg2 g5 37. Nd5 Kg6 38. Rd3 Kf5 39. Nc3 Nf6
40. Rd8 Re8 41. Rd4 g4 42. hxg4+ hxg4 43. Rc4 Re1 44. Rc5+ Ke6 45. Ra5 f3+ 46.
Kg3 Rc1 47. Nb5 Rg1+ 48. Kf4 Nd5+ 49. Ke4 Re1+ 0-1

[Event "Bad Woerishofen op"]
[Site "Bad Woerishofen"]
[Date "2000.??.??"]
[Round "2"]
[White "Petrosjan, Suren"]
[Black "Emami, Madjid"]
[Result "1-0"]
[WhiteElo "2366"]
[BlackElo "2154"]
[PlyCount "146"]
[EventDate "1998.03.05"]
[Source "ChessBase"]
[SourceDate "1998.04.29"]

1. e4 c6 2. d4 g6 3. Nf3 Bg7 4. Nc3 d6 5. Be2 Nd7 6. O-O Qc7 7. Bg5 b5 8. Qd2
b4 9. Nd1 Rb8 10. Re1 h6 11. Bh4 Ngf6 12. e5 dxe5 13. dxe5 Ne4 14. Qe3 Nec5 15.
e6 Nxe6 16. Bg3 Qb6 17. Bxb8 Qxe3 18. fxe3 Nxb8 19. a3 bxa3 20. Rxa3 a6 21. Nc3
Kd7 22. Bc4 Kc7 23. Rd1 Rd8 24. Rxd8 Nxd8 25. Kf2 e6 26. Na4 Nd7 27. Rd3 c5 28.
c3 Bf8 29. Rd1 Bb7 30. b3 Nc6 31. Nd2 Nce5 32. Be2 Be7 33. Bf3 Nxf3 34. gxf3
Ne5 35. Ke2 Bc6 36. Ra1 Bb5+ 37. c4 Bc6 38. Nc3 Bb7 39. Rg1 Nc6 40. Nce4 Kd7
41. h4 h5 42. Ng5 Nd8 43. Nde4 Kc7 44. Nf2 Bc6 45. Nd3 Be8 46. Ne5 f6 47. Nxg6
Bxg6 48. Nxe6+ Nxe6 49. Rxg6 Kd6 50. Rh6 Ng7 51. e4 Ke6 52. f4 Kf7 53. Rh8 Bf8
54. Ke3 f5 55. Rh6 Be7 56. Rxa6 Bxh4 57. exf5 Nxf5+ 58. Ke4 Ng7 59. Ke5 Be7 60.
f5 Ne8 61. Rh6 Nf6 62. Rg6 h4 63. Kf4 Nh5+ 64. Kg4 Ng3 65. Re6 Nf1 66. Re2 Bf6
67. Kh3 Bg5 68. Kg4 Bf6 69. Ra2 Ne3+ 70. Kf4 Bd4 71. Ra7+ Ke8 72. f6 h3 73. Rh7
Ng2+ 1-0

[Event "Bad Woerishofen op"]
[Site "?"]
[Date "2000.??.??"]
[Round "4"]
[White "Petrosjan, Suren"]
[Black "Bunzmann, Dimitri"]
[Result "0-1"]
[WhiteElo "2366"]
[BlackElo "2502"]
[PlyCount "63"]
[EventDate "2000.??.??"]

1. g3 d5 2. Nf3 Nf6 3. c4 c6 4. Bg2 dxc4 5. Qc2 b5 6. O-O g6 7. a4 Bb7 8. b3
cxb3 9. Qxb3 Bg7 10. Nc3 a6 11. d4 O-O 12. e4 c5 13. e5 Nfd7 14. e6 fxe6 15.
Qxe6+ Kh8 16. Ne4 Rf5 17. Nfg5 Qf8 18. Nxh7 Kxh7 19. Ng5+ Rxg5 20. Bxb7 Ra7 21.
Bxg5 Rxb7 22. Qe4 Rc7 23. Bf4 Rc8 24. axb5 axb5 25. Ra7 Nf6 26. Qe6 Nc6 27. Rb7
Nxd4 28. Qh3+ Nh5 29. Be3 Qf3 30. Bxd4 Qxb7 31. Bxg7 Kxg7 32. g4 0-1

[Event "Bad Woerishofen op"]
[Site "?"]
[Date "2000.??.??"]
[Round "6"]
[White "Petrosjan, Suren"]
[Black "Sprenger, Jan"]
[Result "1/2-1/2"]
[WhiteElo "2366"]
[BlackElo "2256"]
[PlyCount "74"]
[EventDate "2000.??.??"]

1. e4 c5 2. Nf3 Nc6 3. Nc3 Nf6 4. d4 cxd4 5. Nxd4 e5 6. Ndb5 d6 7. Bg5 a6 8.
Na3 b5 9. Nd5 Be7 10. Bxf6 Bxf6 11. Nb1 Rb8 12. Nd2 O-O 13. g3 Bg5 14. Bg2 Ne7
15. O-O Nxd5 16. exd5 f5 17. Nb3 Bd7 18. a3 Qc7 19. Kh1 a5 20. f4 Bf6 21. fxe5
Bxe5 22. Nd4 b4 23. axb4 Rxb4 24. Nc6 Rxb2 25. Nxe5 dxe5 26. d6 Qxc2 27. Qxc2
Rxc2 28. Rxa5 e4 29. g4 g6 30. gxf5 gxf5 31. Bxe4 Rd2 32. Rd5 Rxd5 33. Bxd5+
Kg7 34. Re1 Kf6 35. Re7 Rd8 36. Rxh7 Ke5 37. Bf3 Kxd6 1/2-1/2

[Event "Bad Woerishofen op"]
[Site "?"]
[Date "2000.??.??"]
[Round "8"]
[White "Petrosjan, Suren"]
[Black "Erenska, Hanna"]
[Result "1-0"]
[WhiteElo "2365"]
[BlackElo "2250"]
[PlyCount "120"]
[EventDate "2000.??.??"]

1. e4 d5 2. exd5 Qxd5 3. Nc3 Qa5 4. d4 c6 5. Nf3 Nf6 6. Bc4 Bf5 7. Bd2 e6 8.
Ne4 Qc7 9. Nxf6+ gxf6 10. Qe2 Nd7 11. O-O-O Nb6 12. Nh4 Nxc4 13. Qxc4 Bg6 14.
d5 exd5 15. Rhe1+ Be4 16. Rxe4+ dxe4 17. Qxe4+ Qe5 18. Qg4 h5 19. Qh3 Bh6 20.
Bxh6 Rxh6 21. Nf5 Rh7 22. Qa3 Qxf5 23. Re1+ Qe6 24. Rxe6+ fxe6 25. Qb3 Re7 26.
Qf3 f5 27. Qxh5+ Kd7 28. Qd1+ Kc7 29. Qd4 e5 30. Qc5 Re6 31. Qa5+ b6 32. Qa6
Rd6 33. g3 e4 34. h4 Rd7 35. b3 Rd5 36. Qa3 c5 37. Qa6 Rd7 38. a4 Kd6 39. Qe2
Rg8 40. Qd2+ Ke6 41. Qh6+ Ke5 42. a5 bxa5 43. Qc6 Rgd8 44. Qxc5+ Ke6 45. Qxa5
Rd1+ 46. Kb2 R8d7 47. Qa6+ R1d6 48. Qc4+ Kf6 49. Qg8 Rd2 50. Qg5+ Ke6 51. Qh6+
Ke7 52. Qf4 Re2 53. Qe5+ Kd8 54. Qxf5 Rdd2 55. Qc5 Rxf2 56. Qg5+ Kc7 57. Qe5+
Kb6 58. Qxe4 Rde2 59. Qb4+ Kc7 60. Qc5+ Kb7 1-0

[Event "Bad Woerishofen op"]
[Site "Bad Woerishofen"]
[Date "2000.??.??"]
[Round "1"]
[White "Platten, Herbert"]
[Black "Bintakies, Michael"]
[Result "0-1"]
[WhiteElo "1772"]
[BlackElo "2198"]
[PlyCount "62"]
[EventDate "1998.03.05"]
[Source "ChessBase"]
[SourceDate "1998.04.29"]

1. d4 d5 2. c4 c6 3. cxd5 cxd5 4. Nf3 Nf6 5. Nc3 Nc6 6. Bf4 a6 7. Rc1 Bf5 8. a3
e6 9. Nh4 Be4 10. e3 Bd6 11. Bxd6 Qxd6 12. Be2 O-O 13. f3 Bg6 14. O-O e5 15.
Nxg6 hxg6 16. dxe5 Qxe5 17. Qd2 Rfe8 18. Nd1 Rac8 19. Bd3 Qg5 20. f4 Qh4 21.
Nf2 g5 22. Bf5 Rcd8 23. g3 Qh5 24. Rce1 gxf4 25. g4 Qh4 26. exf4 g6 27. Rxe8+
Rxe8 28. Bb1 Nxg4 29. Nxg4 Qxg4+ 30. Kh1 Re2 31. Qxd5 Qh3 0-1

[Event "Bad Woerishofen op"]
[Site "?"]
[Date "2000.??.??"]
[Round "3"]
[White "Platten, Herbert"]
[Black "Muenchhalfen, Harald"]
[Result "1-0"]
[WhiteElo "1772"]
[BlackElo "1480"]
[PlyCount "59"]
[EventDate "2000.??.??"]

1. d4 e6 2. c4 f5 3. Nc3 Nf6 4. f3 d5 5. Bg5 Be7 6. e3 c6 7. Rc1 O-O 8. Bd3 Bd7
9. Nge2 Na6 10. a3 Nc7 11. O-O Rc8 12. Qb3 b6 13. Nf4 Kh8 14. Bb1 Bd6 15. Nce2
Qe8 16. Bxf6 Rxf6 17. e4 e5 18. dxe5 dxc4 19. Qxc4 Bxe5 20. Qc2 c5 21. Nd3 Rd8
22. f4 Bd4+ 23. Nxd4 fxe4 24. Nxc5 bxc5 25. Qxc5 Ne6 26. Nxe6 Rxe6 27. Rce1 e3
28. Rf3 e2 29. Qc2 Bb5 30. Qxh7# 1-0

[Event "Bad Woerishofen op"]
[Site "?"]
[Date "2000.??.??"]
[Round "5"]
[White "Platten, Herbert"]
[Black "Weber, Ludwig"]
[Result "0-1"]
[WhiteElo "1772"]
[BlackElo "1400"]
[PlyCount "106"]
[EventDate "2000.??.??"]

1. d4 Nf6 2. c4 e6 3. Nf3 c6 4. Bg5 Bb4+ 5. Bd2 Bd6 6. Nc3 Bc7 7. e4 d6 8. Bg5
h6 9. Bh4 g5 10. Bg3 Nh5 11. Be2 Qe7 12. e5 Nxg3 13. exd6 Bxd6 14. hxg3 Nd7 15.
Ne4 Bb4+ 16. Nfd2 Nf8 17. a3 Ba5 18. c5 Ng6 19. Nd6+ Kf8 20. Bh5 Kg7 21. Qe2
Qf6 22. Qe3 e5 23. dxe5 Qxe5 24. Qxe5+ Nxe5 25. b4 Bc7 26. O-O Bxd6 27. cxd6
Be6 28. f4 Nd7 29. Nf3 Nf6 30. Bxf7 Bxf7 31. fxg5 Ne4 32. gxh6+ Rxh6 33. d7 Rd8
34. Rfe1 Nxg3 35. Kf2 Nf5 36. g4 Nd6 37. Re7 Re6 38. Re1 Rxe7 39. Rxe7 Kf8 40.
Re5 Rxd7 41. a4 Re7 42. a5 Ne4+ 43. Ke3 Nf6 44. Kd4 Nxg4 45. Rf5 Rd7+ 46. Kc3
Ne3 47. Ne5 Nxf5 48. Nxd7+ Ke7 49. Nc5 b6 50. axb6 axb6 51. Na6 Kd6 52. b5 c5
53. Nb8 Nd4 0-1

[Event "Bad Woerishofen op"]
[Site "?"]
[Date "2000.??.??"]
[Round "7"]
[White "Platten, Herbert"]
[Black "Brueckner, Wolfgang"]
[Result "1-0"]
[WhiteElo "1772"]
[BlackElo "1536"]
[PlyCount "71"]
[EventDate "2000.??.??"]

1. d4 Nf6 2. c4 g6 3. Nc3 Bg7 4. e4 O-O 5. e5 Ne8 6. Bd3 d6 7. f4 c5 8. exd6
cxd4 9. dxe7 Qxe7+ 10. Nce2 Nc6 11. a3 Nd6 12. Nf3 Nf5 13. O-O Ne3 14. Bxe3
Qxe3+ 15. Kh1 Qe7 16. Qc2 f5 17. Rfe1 Qf6 18. b4 Rd8 19. b5 Na5 20. Nc1 b6 21.
c5 bxc5 22. Qxc5 Qb6 23. Qb4 Nb7 24. Bc4+ Kh8 25. Ng5 Nd6 26. Bd5 Bb7 27. Bxb7
Qxb7 28. a4 Ne4 29. Nd3 Nxg5 30. fxg5 h6 31. gxh6 Bxh6 32. Re7 Qc8 33. Ne5 Qc3
34. Nxg6+ Kg8 35. Qb1 d3 36. Qa2+ 1-0

[Event "Bad Woerishofen op"]
[Site "?"]
[Date "2000.??.??"]
[Round "9"]
[White "Platten, Herbert"]
[Black "Wawrinsky, Ludwig"]
[Result "0-1"]
[WhiteElo "1772"]
[BlackElo "1700"]
[PlyCount "64"]
[EventDate "2000.??.??"]

1. d4 e6 2. c4 b6 3. Nc3 Bb4 4. e4 Bb7 5. f3 c5 6. d5 Ba6 7. Nh3 exd5 8. Qxd5
Nc6 9. Be3 Qf6 10. Qd2 Qe7 11. Nf4 Nf6 12. a3 Ba5 13. Be2 O-O 14. O-O Bb7 15.
Nfd5 Nxd5 16. cxd5 Bxc3 17. Qxc3 Na5 18. b3 Rfe8 19. Rad1 f5 20. d6 Qe6 21. b4
cxb4 22. axb4 Rac8 23. Qb2 Nc4 24. Bxc4 Rxc4 25. Bd4 fxe4 26. f4 e3 27. Be5
Rec8 28. Rc1 e2 29. Rfe1 Qg4 30. Qxe2 Qxe2 31. Rxe2 Rxc1+ 32. Kf2 R1c2 0-1

[Event "Bad Woerishofen op"]
[Site "?"]
[Date "2000.??.??"]
[Round "2"]
[White "Poehler, Margit"]
[Black "Weiland, Guenter"]
[Result "0-1"]
[WhiteElo "1798"]
[BlackElo "2093"]
[PlyCount "98"]
[EventDate "2000.??.??"]

1. d4 Nf6 2. c4 c5 3. d5 e6 4. Nc3 exd5 5. cxd5 d6 6. Bg5 Nbd7 7. e4 a6 8. a4
g6 9. f4 Bg7 10. Bd3 Qc7 11. Nf3 O-O 12. O-O c4 13. Bc2 Ng4 14. Qd2 Qc5+ 15.
Kh1 Ne3 16. Rfe1 Nxc2 17. Qxc2 Re8 18. Ra3 Qb4 19. Re2 Qc5 20. Ra1 b6 21. Rae1
Nf8 22. e5 Bf5 23. Qd2 h6 24. Bh4 dxe5 25. fxe5 Bd3 26. Bf2 Qa5 27. Re3 b5 28.
Nd4 b4 29. Ne4 Bxe4 30. Rxe4 Qxd5 31. Qxb4 Rxe5 32. Rxe5 Bxe5 33. Nf3 Bg7 34.
Nd2 c3 35. Nc4 a5 36. Nb6 axb4 37. Nxd5 Rxa4 38. bxc3 bxc3 39. Rc1 c2 40. h3
Ra1 41. Be3 Rxc1+ 42. Bxc1 Ne6 43. Nb4 Nd4 44. Be3 Bf8 45. Nd3 Nb3 46. Nc1 Nxc1
47. Bxc1 Be7 48. h4 Bxh4 49. Bxh6 g5 0-1

[Event "Bad Woerishofen op"]
[Site "?"]
[Date "2000.??.??"]
[Round "7"]
[White "Poehler, Margit"]
[Black "Schoebel, Klaus"]
[Result "1-0"]
[WhiteElo "1798"]
[BlackElo "1638"]
[PlyCount "55"]
[EventDate "2000.??.??"]

1. d4 d5 2. c4 e6 3. Nc3 Nf6 4. cxd5 exd5 5. Bg5 Be7 6. Nf3 Nc6 7. e3 Be6 8.
Bd3 h6 9. Bh4 Qd7 10. Ne5 Nxe5 11. dxe5 Ng4 12. Bxe7 Qxe7 13. Be2 Nxe5 14. Nxd5
Bxd5 15. Qxd5 c6 16. Qb3 O-O 17. O-O Rad8 18. Rad1 b6 19. Qc3 c5 20. Rxd8 Rxd8
21. h3 Qd6 22. Rd1 Qc7 23. Rxd8+ Qxd8 24. Qxe5 Qd2 25. Qe8+ Kh7 26. Bf1 Qxb2
27. Qxf7 b5 28. Bd3+ 1-0

[Event "Bad Woerishofen op"]
[Site "?"]
[Date "2000.??.??"]
[Round "8"]
[White "Poehler, Margit"]
[Black "Emami, Madjid"]
[Result "1/2-1/2"]
[WhiteElo "1798"]
[BlackElo "2154"]
[PlyCount "99"]
[EventDate "2000.??.??"]

1. d4 c6 2. c4 g6 3. e4 d6 4. Nc3 Bg7 5. f4 e5 6. d5 Nf6 7. Nf3 O-O 8. Bd3 Re8
9. O-O Nbd7 10. fxe5 dxe5 11. Kh1 Nh5 12. Ng5 Nf4 13. Nxf7 Kxf7 14. g3 Kg8 15.
gxf4 exf4 16. Bxf4 Ne5 17. Rc1 Bh3 18. Rg1 Rf8 19. Bg5 Qc7 20. Rg3 Qd7 21. Be2
Rf2 22. Be3 Rf7 23. dxc6 bxc6 24. Qxd7 Bxd7 25. Bc5 Bh6 26. Be3 Bxe3 27. Rxe3
Raf8 28. b3 Kg7 29. Rg3 h6 30. Kg1 Rf4 31. Rf1 Rxf1+ 32. Bxf1 Nf3+ 33. Kh1 Nxh2
34. Kxh2 Rxf1 35. Rd3 Rf7 36. e5 Bf5 37. Re3 g5 38. c5 h5 39. Ne2 Bg4 40. Nd4
Rf2+ 41. Kg1 Rxa2 42. Nxc6 h4 43. e6 Ra1+ 44. Kh2 Ra2+ 45. Kg1 Bh5 46. e7 Be8
47. Nd4 Ra1+ 48. Kh2 Ra2+ 49. Kg1 Ra1+ 50. Kh2 1/2-1/2

[Event "Bad Woerishofen op"]
[Site "?"]
[Date "2000.??.??"]
[Round "2"]
[White "Pohlers, Juergen"]
[Black "Fahnenschmidt, Gerhard"]
[Result "0-1"]
[WhiteElo "2136"]
[BlackElo "2336"]
[PlyCount "56"]
[EventDate "2000.??.??"]

1. d4 d5 2. c4 dxc4 3. e4 c5 4. Nf3 Bg4 5. Bxc4 e6 6. Qa4+ Nc6 7. Ne5 Nf6 8. f3
Bh5 9. Bb5 Nd7 10. Nxd7 Qxd7 11. d5 exd5 12. exd5 Qxd5 13. Nc3 Qe5+ 14. Kf2
Qd4+ 15. Be3 Qxa4 16. Nxa4 O-O-O 17. Bxc6 bxc6 18. Rac1 Be7 19. Nxc5 Rhe8 20.
b4 Rd5 21. Nb3 Bxb4 22. Rxc6+ Kb7 23. Rhc1 Bd6 24. R6c4 Bg6 25. Nc5+ Ka8 26.
Ne4 Bb8 27. Ra4 f5 28. Bxa7 Bxa7+ 0-1

[Event "Bad Woerishofen op"]
[Site "?"]
[Date "2000.??.??"]
[Round "4"]
[White "Pohlers, Juergen"]
[Black "Seidel, Sandra"]
[Result "1/2-1/2"]
[WhiteElo "2136"]
[BlackElo "1803"]
[PlyCount "53"]
[EventDate "2000.??.??"]

1. d4 Nf6 2. c4 g6 3. Nc3 Bg7 4. e4 d6 5. Nf3 O-O 6. h3 e5 7. d5 Na6 8. Bg5 h6
9. Be3 Nh5 10. Nd2 Qe7 11. Nb3 b6 12. g3 Nc5 13. Bg2 Qe8 14. Nxc5 bxc5 15. Bf3
f5 16. Bxh5 f4 17. Bg4 fxe3 18. fxe3 Qf7 19. Qe2 Bxg4 20. hxg4 Qf3 21. Qxf3
Rxf3 22. Ke2 Rxg3 23. Rag1 Rxg1 24. Rxg1 a6 25. Nb1 Rb8 26. b3 Bf6 27. Rf1
1/2-1/2

[Event "Bad Woerishofen op"]
[Site "?"]
[Date "2000.??.??"]
[Round "5"]
[White "Pohlers, Juergen"]
[Black "Seifert, Frank"]
[Result "1/2-1/2"]
[WhiteElo "2136"]
[BlackElo "1788"]
[PlyCount "33"]
[EventDate "2000.??.??"]

1. d4 e6 2. c4 f5 3. Nc3 Nf6 4. g3 Bb4 5. Bd2 O-O 6. Bg2 d6 7. Nf3 Nc6 8. d5
Ne7 9. Ng5 e5 10. Ne6 Bxe6 11. dxe6 Bxc3 12. Bxc3 Qc8 13. c5 Qxe6 14. cxd6 cxd6
15. Bxb7 Rab8 16. Bg2 Ned5 17. O-O 1/2-1/2

[Event "Bad Woerishofen op"]
[Site "?"]
[Date "2000.??.??"]
[Round "8"]
[White "Pohlers, Juergen"]
[Black "Glas, Stefan"]
[Result "1/2-1/2"]
[WhiteElo "2136"]
[BlackElo "1949"]
[PlyCount "51"]
[EventDate "2000.??.??"]

1. d4 c5 2. d5 Nf6 3. c4 g6 4. Nc3 Bg7 5. e4 d6 6. Be2 Nbd7 7. f4 a6 8. Nf3 Qc7
9. O-O O-O 10. Qe1 e5 11. fxe5 Nxe5 12. Nxe5 dxe5 13. Qh4 Ne8 14. Be3 Nd6 15.
g4 f6 16. Rf3 Rf7 17. Raf1 Bd7 18. g5 f5 19. Rh3 Bh8 20. Rhf3 Raf8 21. b4 cxb4
22. c5 bxc3 23. cxd6 Qxd6 24. Qf2 Rc8 25. Bd3 f4 26. Qg2 1/2-1/2

[Event "Bad Woerishofen op"]
[Site "?"]
[Date "2000.??.??"]
[Round "9"]
[White "Pohlers, Juergen"]
[Black "Taschner, Peter"]
[Result "1-0"]
[WhiteElo "2136"]
[BlackElo "2019"]
[PlyCount "55"]
[EventDate "2000.??.??"]

1. d4 d6 2. c4 f5 3. Nc3 Nf6 4. Bg5 g6 5. e3 Bg7 6. h4 h6 7. Bf4 Nbd7 8. d5 Nc5
9. Nf3 O-O 10. Be2 e5 11. dxe6 Nxe6 12. Bh2 Qe8 13. Qc2 Ng4 14. Bg1 f4 15. e4
Bd7 16. O-O-O Ne5 17. Ne1 a6 18. f3 Nc6 19. Nd5 Be5 20. Qd2 Qf7 21. Nd3 Ncd4
22. Kb1 Nxe2 23. Qxe2 b5 24. c5 Rab8 25. Qd2 Qg7 26. Nxe5 Qxe5 27. h5 Rfe8 28.
hxg6 1-0

[Event "Bad Woerishofen op"]
[Site "Bad Woerishofen"]
[Date "2000.??.??"]
[Round "1"]
[White "Popitz, Andreas"]
[Black "Reichwald, Klaus-Dieter"]
[Result "1-0"]
[WhiteElo "2177"]
[BlackElo "1746"]
[PlyCount "91"]
[EventDate "1998.03.05"]
[Source "ChessBase"]
[SourceDate "1998.04.29"]

1. d4 Nf6 2. Nf3 g6 3. Bf4 Bg7 4. e3 d6 5. h3 c6 6. c3 Nbd7 7. Nbd2 O-O 8. Be2
Qc7 9. Bh2 b5 10. a4 bxa4 11. Qxa4 Nb6 12. Qa5 Nbd5 13. e4 Qxa5 14. Rxa5 Nc7
15. e5 Nfe8 16. exd6 Nxd6 17. Ne5 Bxe5 18. Bxe5 Bd7 19. O-O Rfb8 20. b3 f6 21.
Bh2 Ncb5 22. Rc1 Rb7 23. b4 Be6 24. Kf1 Kg7 25. Bxd6 exd6 26. d5 Bd7 27. Bf3
Rc8 28. Rca1 cxd5 29. Bxd5 Rbc7 30. c4 Nc3 31. Bf3 Be6 32. Rxa7 Kh6 33. Rxc7
Rxc7 34. b5 Bxc4+ 35. Nxc4 Rxc4 36. Rc1 Rc5 37. b6 Na4 38. Rb1 Nxb6 39. Rxb6 f5
40. Rxd6 Rc7 41. g3 Rc1+ 42. Kg2 Rc7 43. Bd5 Re7 44. h4 Ra7 45. Be6 Re7 46.
Bxf5 1-0